| 000 | 00590nam a2200181 a 4500 | ||
|---|---|---|---|
| 001 | 000036539 | ||
| 005 | 20200930075804.0 | ||
| 008 | 120119s1981 xxu 000 0 spa d | ||
| 020 | _a0256023085 | ||
| 020 | _a0256023085 | ||
| 040 |
_aDO-SdBNP _bspa _cBNPHU |
||
| 100 | 1 |
_aFair, Marvin Luke, _d1897- _962793 |
|
| 245 | 1 | 0 |
_aTransportation and logistics / _cMarvin L. Fair, Ernest W. Williams, Jr. |
| 260 |
_aTexas, Estados Unidos : _bBusiness Publications, _c1981. |
||
| 300 |
_axi, 512 p. : _bil. ; _c24 cm. |
||
| 500 | _aIncluye índice | ||
| 700 | 1 | 2 |
_aWilliams, Ernest William, _d1916- _962794 |
| 999 |
_c36030 _d36030 |
||